The New Internatinaol Webster's Pocket Thesaurus of The English Language

Bibliographic Details
Format: Book
Published: USA : Trident Press , 1998
Subjects:

MARC

LEADER 00000cam a2200000 7i4500
001 0000050293
005 20150709.0
008 150709
020 |a 1888777494 
020 |a 615269774946 
090 0 0 |a R423   |b NEW 
245 1 0 |a The New Internatinaol Webster's Pocket Thesaurus of The English Language 
260 |a USA :   |b Trident Press ,   |c 1998 
650 0 |a Inggeris language   |x Dictionaries   |x Polyglof 
999 |a 0000797447   |b Book   |c Adult Collection   |e Cawangan Segamat